| 000 | 01357cam a2200301 a 4500 | ||
|---|---|---|---|
| 001 | 16279270 | ||
| 005 | 20110628112616.0 | ||
| 008 | 100611s2011 nyuab b 001 0 eng | ||
| 020 | _a9780199735907 (hardcover : alk. paper) | ||
| 020 | _a0199735905 (hardcover : alk. paper) | ||
| 020 | _a9780199735914 (pbk. : alk. paper) | ||
| 020 | _a0199735913 (pbk. : alk. paper) | ||
| 035 | _a(OCoLC)ocn642352152 | ||
| 040 |
_aDLC _cDLC _dYDX _dYDXCP _dBWX _dCDX _dDLC |
||
| 082 | 0 | 0 |
_a324.2091724 _222 _bYAD |
| 100 | 1 |
_aYadav, Vineeta. _928844 |
|
| 245 | 1 | 0 |
_aPolitical Parties, Business Groups, and Corruption in Developing Countries / _cVineeta Yadav. |
| 260 |
_aNew York : _bOxford University Press, _cc2011. |
||
| 300 |
_axii, 264 p. : _bill., maps ; _c24 cm. |
||
| 504 | _aIncludes bibliographical references and index. | ||
| 650 | 0 |
_aPolitical corruption _zDeveloping countries. _928845 |
|
| 650 | 0 |
_aPolitical parties _zDeveloping countries. _928846 |
|
| 650 | 0 |
_aBusiness and politics _zDeveloping countries. _928847 |
|
| 653 |
_bPol _cFebruary2012 |
||
| 942 |
_2ddc _cBB |
||
| 999 |
_c16450 _d16450 |
||